It looks like you're offline.
Open Library logo
additional options menu

MARC record from Internet Archive

LEADER: 00742cam a2200217u 4500
001 8257352
005 20090414131951.0
008 820510s1922 maua 000 0 eng
035 $9(DLC) 22015497
906 $a0$bcbc$cpremunv$du$encip$f19$gy-gencatlg
010 $a 22015497
040 $aDLC$cCarP$dDLC
050 00 $aNC650$b.C7
100 1 $aCross, Anson K.$q(Anson Kent),$d1862-1944.
245 00 $aDrawing and painting self-taught,
260 $aWinthrop, Mass.,$bA. K. Cross,$c1922.
300 $aix p., 1 l.,$b204 p. front., illus.$c22 cm.
650 0 $aDrawing$xStudy and teaching.
650 0 $aPainting$xStudy and teaching. [from old catalog]
700 1 $aCross, Evelyn F. [from old catalog]
991 $bc-GenColl$hNC650$i.C7$tCopy 1$wPREM